The Curious Case of 221B (Record no. 530013)
[ view plain ]
| 000 -LEADER | |
|---|---|
| fixed length control field | 00207nam a2200097 4500 |
| 040 ## - CATALOGING SOURCE | |
| Transcribing agency | DLC |
| 082 ## - DEWEY DECIMAL CLASSIFICATION NUMBER | |
| Classification number | 823.914 |
| Author Mark | BAS |
| 100 ## - MAIN ENTRY--PERSONAL NAME | |
| Personal name | Basu, Partha |
| 9 (RLIN) | 23285 |
| 245 ## - TITLE STATEMENT | |
| Title | The Curious Case of 221B |
| 942 ## - ADDED ENTRY ELEMENTS (KOHA) | |
| Source of classification or shelving scheme | |
| Koha item type | Book |
| Withdrawn status | Lost status | Source of classification or shelving scheme | Damaged status | Not for loan | Permanent Location | Current Location | Date acquired | Total Checkouts | Full call number | Barcode | Date last seen | Date last checked out | Price effective from | Koha item type |
|---|---|---|---|---|---|---|---|---|---|---|---|---|---|---|
| School of Civil and Environmental Engineering (SCEE) | School of Civil and Environmental Engineering (SCEE) | 10/08/2019 | 2 | 823.914 BAS | NIT-8800 | 02/10/2025 | 02/06/2025 | 10/08/2019 | Book |
